International Political Economy (Record no. 601)
[ view plain ]
| 000 -LEADER | |
|---|---|
| fixed length control field | 00376nam a22001217a 4500 |
| 008 - FIXED-LENGTH DATA ELEMENTS--GENERAL INFORMATION | |
| fixed length control field | 230606b xxu||||| |||| 00| 0 eng d |
| 050 ## - LIBRARY OF CONGRESS CALL NUMBER | |
| Classification number | 9966460047 |
| 082 ## - DEWEY DECIMAL CLASSIFICATION NUMBER | |
| Classification number | 337.21 |
| Item number | MKA |
| 245 ## - TITLE STATEMENT | |
| Title | International Political Economy |
| Remainder of title | Understanding Global Disorder |
| Statement of responsibility, etc. | Individual Contributors |
| 260 ## - PUBLICATION, DISTRIBUTION, ETC. (IMPRINT) | |
| Place of publication, distribution, etc. | Nairobi |
| Name of publisher, distributor, etc. | East African Educational Publishers |
| Date of publication, distribution, etc. | 1995 |
| 300 ## - PHYSICAL DESCRIPTION | |
| Extent | 152 p |
| 942 ## - ADDED ENTRY ELEMENTS (KOHA) | |
| Source of classification or shelving scheme | Dewey Decimal Classification |
| Koha item type | Books |
| Withdrawn status | Lost status | Source of classification or shelving scheme | Damaged status | Not for loan | Home library | Current library | Date acquired | Total Checkouts | Full call number | Barcode | Date last seen | Price effective from | Koha item type |
|---|---|---|---|---|---|---|---|---|---|---|---|---|---|
| Dewey Decimal Classification | Bunge Tower Library | Bunge Tower Library | 06/06/2023 | 337.21 MKA | 10013819 | 06/06/2023 | 06/06/2023 | Books | |||||
| Dewey Decimal Classification | Bunge Tower Library | Bunge Tower Library | 06/06/2023 | 337.21 MKA | 10013820 | 06/06/2023 | 06/06/2023 | Books | |||||
| Dewey Decimal Classification | Bunge Tower Library | Bunge Tower Library | 06/06/2023 | 337.21 MKA | 10012353 | 06/06/2023 | 06/06/2023 | Books |
